Alcázar de Sevilla / (Record no. 192258)

MARC details
000 -LEADER
campo de control de longitud fija 01112nam a22002771i 4500
001 - NÚMERO DE CONTROL
campo de control 192258
003 - IDENTIFICADOR DE NÚMERO DE CONTROL
campo de control SpMaBN
005 - FECHA Y HORA DE LA ÚLTIMA TRANSACCIÓN
campo de control 20250811104303.0
008 - DATOS DE LONGITUD FIJA--INFORMACIÓN GENERAL
campo de control de longitud fija 221129q19281936sp a 000 0 spa
016 7# - NÚMERO DE CONTROL DE UNA AGENCIA BIBLIOGRÁFICA NACIONAL
Número de control del registro bimoBNE19972125471
Número de control cancelado/no válido IND9100135227
-- BNE19972125460
-- IND9100135226 [
Fuente SpMaBN]
040 ## - FUENTE DE CATALOGACIÓN
Centro catalogador/agencia de origen SpMaBN
Lengua de catalogación spa
Centro/agencia transcriptor A2
080 ## - NÚMERO DE LA CLASIFICACIÓN DECIMAL UNIVERSAL
Número de la Clasificación Decimal Universal 728.81(460.353 S.)
100 1# - ENTRADA PRINCIPAL--NOMBRE DE PERSONA
Nombre de persona Carriazo y Arroquia, Juan de Mata.
9 (RLIN) 35736
245 10 - MENCIÓN DEL TÍTULO
Título Alcázar de Sevilla /
Mención de responsabilidad, etc. cuarenta y ocho ilustraciones, con texto de Juan de M. Carriazo.
260 ## - PUBLICACIÓN, DISTRIBUCIÓN, ETC.
Lugar de publicación, distribución, etc. Barcelona :
Nombre del editor, distribuidor, etc. H. de J. Thomas,
Fecha de publicación, distribución, etc. [entre 1928-1936]
300 ## - DESCRIPCIÓN FÍSICA
Extensión 28 p., 48 p. de lám. ;
Dimensiones 15 cm.
490 1# - MENCIÓN DE SERIE
Mención de serie El arte en España / Patronato Nacional del Turismo ;
Designación de volumen o secuencia 29
546 ## - NOTA DE IDIOMA
Nota de lengua/lenguaje Texto en español, francés e inglés.
610 24 - PUNTO DE ACCESO ADICIONAL DE MATERIA--NOMBRE DE ENTIDAD CORPORATIVA
Nombre de entidad corporativa o nombre de jurisdicción como elemento de entrada Alcázar de Sevilla.
9 (RLIN) 1324
651 #4 - PUNTO DE ACCESO ADICIONAL DE MATERIA--NOMBRE GEOGRÁFICO
Nombre geográfico Sevilla-
Subdivisión general Edificios, estructuras, etc.
9 (RLIN) 175885
710 2# - ENTRADA AGREGADA--NOMBRE DE ENTIDAD CORPORATIVA
Nombre de entidad corporativa o nombre de jurisdicción como elemento de entrada Patronato Nacional del Turismo (España)
9 (RLIN) 6194
830 13 - PUNTO DE ACCESO ADICIONAL DE SERIE-TÍTULO UNIFORME
Título uniforme El arte en España / Patronato Nacional de Turismo
Designación de volumen o secuencia 29
9 (RLIN) 193583
852 4# - LOCALIZACIÓN
Ubicación ES-MaACL
Número de control de estantería C-32220(1)
Holdings
Estatus retirado Estado de pérdida Estado de daño No para préstamo Biblioteca de origen Biblioteca actual Ubicación en estantería Fecha de adquisición Total de préstamos Signatura topográfica completa Código de barras Visto por última vez Precio de reemplazo Tipo de ítem Koha
        Biblioteca del Ateneo de Madrid Biblioteca del Ateneo de Madrid Depósito 2 29/11/2022   C-32220(1) 1204807 23/02/2023 23/02/2023 Libro impreso